000 00534nam a2200217Ia 4500
003 OSt
005 20220928141832.0
006 a|||||r|||| 00| 0
007 ta
008 220927b |||||||| |||| 00| 0 eng d
024 _a17994
037 _cTextual
040 _aSDCL
_cSDCL
_beng
041 _2eng
_aeng
082 _aW0bS, L5
100 _aHughes Alan
_9502429
245 0 _aPsychology and the political experience
260 _c1975
942 _hW0bS, L5
_cTEXL
_2CC
999 _c820268
_d820268